[Event "BAN Walton 1st League"]
[Site "Dhaka"]
[Date "2018.11.03"]
[Round "10.1"]
[White "Anwesh, Upadhyaya"]
[Black "Jaber, Al Hamid"]
[Result "1-0"]
[WhiteElo "2381"]
[BlackElo "1850"]
[PlyCount "65"]
[EventDate "2018.10.25"]
[EventType "team-tourn"]
[EventRounds "11"]
[EventCountry "BAN"]
[SourceTitle "CBM 187 Extra"]
[Source "ChessBase"]
[SourceDate "2018.11.04"]
[SourceVersion "1"]
[SourceVersionDate "2018.11.04"]
[SourceQuality "1"]
[WhiteTeam "Janata Bank Officer Welfare"]
[BlackTeam "Debdas Biswas Smirity Sangsad"]
[WhiteTeamCountry "BAN"]
[BlackTeamCountry "BAN"]

1. Nf3 Nf6 2. c4 b6 3. g3 Bb7 4. Bg2 e5 5. 0-0 Bd6 6. Nc3 0-0 7. d4 Re8 8. dxe5 Bxe5 9. Nxe5 Bxg2 10. Nxf7 Kxf7 11. Kxg2 Qe7 12. Bg5 Qc5 13. Bxf6 gxf6 14. Qd3 Kg7 15. Rad1 a5 16. b3 d6 17. Qf3 Qc6 18. Rd5 Re5 19. e4 Na6 20. Qg4+ Kf7 21. f4 Rg8 22. Qh4 Re6 23. Qxh7+ Rg7 24. Qh5+ Kf8 25. Qh3 Kf7 26. Qh5+ Kf8 27. Qf3 Nb4 28. Rh5 Rf7 29. Rh8+ Ke7 30. Nd5+ Kd7 31. Qg4 Qb7 32. Qg8 Rfe7 33. Qd8+ 1-0

[Event "Dhaka Powertec op-B"]
[Site "Dhaka"]
[Date "2017.07.23"]
[Round "9"]
[White "Jaber, Al Hamid"]
[Black "Ahmed, Mainuddin"]
[Result "1/2-1/2"]
[WhiteElo "1892"]
[BlackElo "2182"]
[PlyCount "89"]
[EventDate "2017.07.15"]
[EventType "swiss"]
[EventRounds "9"]
[EventCountry "BAN"]
[SourceTitle "EXT 2018"]
[Source "ChessBase"]
[SourceDate "2017.10.13"]
[SourceVersion "1"]
[SourceVersionDate "2017.10.13"]
[SourceQuality "1"]

1. d4 Nf6 2. c4 g6 3. Nf3 Bg7 4. Nc3 d6 5. e3 0-0 6. Bd3 Bg4 7. h3 Bxf3 8. Qxf3 c6 9. Bd2 Nbd7 10. 0-0-0 Qc7 11. Kb1 a6 12. g4 b5 13. h4 bxc4 14. Bxc4 c5 15. Nd5 Nxd5 16. Bxd5 Rab8 17. Bc3 cxd4 18. exd4 Nf6 19. Bb3 e6 20. h5 d5 21. Bd2 Qb6 22. Bf4 Nd7 23. Bxb8 Rxb8 24. hxg6 fxg6 25. Qd3 a5 26. Rd2 Qb4 27. Rh3 a4 28. Bd1 Nb6 29. a3 Qa5 30. Ka2 Nc4 31. Re2 Qa7 32. f4 Bxd4 33. Rhh2 Qb6 34. f5 exf5 35. gxf5 Nxb2 36. Qb1 Nxd1 37. Qxd1 Bg7 38. fxg6 Qxg6 39. Rhg2 Qc6 40. Rc2 Qb5 41. Rc3 d4 42. Rcg3 Kf8 43. Rxg7 Qc4+ 44. Ka1 Qc3+ 45. Ka2 1/2-1/2

[Event "Dhaka SGS op"]
[Site "Dhaka"]
[Date "2017.06.11"]
[Round "9"]
[White "Jaber, Al Hamid"]
[Black "Islam, Md Nazrul"]
[Result "0-1"]
[WhiteElo "1906"]
[BlackElo "2036"]
[PlyCount "64"]
[EventDate "2017.06.03"]
[EventType "swiss"]
[EventRounds "9"]
[EventCountry "BAN"]
[SourceTitle "EXT 2024"]
[Source "ChessBase"]
[SourceDate "2023.10.10"]
[SourceVersion "1"]
[SourceVersionDate "2023.10.10"]
[SourceQuality "1"]

1. Nf3 c5 2. e4 e6 3. Nc3 Nc6 4. Bc4 a6 5. a4 d6 6. 0-0 Be7 7. d4 cxd4 8. Nxd4 Qc7 9. Bb3 Bd7 10. Be3 Nf6 11. h3 0-0 12. f4 Na5 13. Qe2 Rac8 14. Rad1 Nxb3 15. cxb3 Rfd8 16. Kh1 Be8 17. f5 e5 18. Nf3 Bc6 19. Nd2 d5 20. exd5 Nxd5 21. Nde4 Nxc3 22. Nxc3 f6 23. Qf2 Rxd1 24. Rxd1 Rd8 25. Rc1 Rd3 26. Qe2 Qd7 27. Rf1 Bb4 28. Rd1 Rxd1+ 29. Qxd1 Qxf5 30. Qd8+ Kf7 31. Qd2 Qe6 32. Qd1 Qxh3+ 0-1

[Event "Dhaka SGS op"]
[Site "Dhaka"]
[Date "2017.06.04"]
[Round "2"]
[White "Mohammad, Minhaz Uddin"]
[Black "Jaber, Al Hamid"]
[Result "1-0"]
[WhiteElo "2420"]
[BlackElo "1906"]
[PlyCount "110"]
[EventDate "2017.06.03"]
[EventType "swiss"]
[EventRounds "9"]
[EventCountry "BAN"]
[SourceTitle "EXT 2019"]
[Source "ChessBase"]
[SourceDate "2018.10.10"]
[SourceVersion "1"]
[SourceVersionDate "2018.10.10"]
[SourceQuality "1"]

1. e4 c5 2. Nf3 d6 3. Bb5+ Bd7 4. Bxd7+ Qxd7 5. c4 Nf6 6. Nc3 e6 7. 0-0 Be7 8. d4 cxd4 9. Qxd4 Nc6 10. Qd2 0-0 11. b3 a6 12. Bb2 b5 13. cxb5 axb5 14. Rfe1 b4 15. Na4 Qb7 16. Rac1 Rfd8 17. Qf4 e5 18. Qe3 Nd7 19. Red1 f6 20. Nh4 Nc5 21. Nf5 Nxa4 22. bxa4 Bf8 23. Rd5 g6 24. Rb5 Qd7 25. Qb3+ Kh8 26. Ng3 Bh6 27. Rd1 Ra6 28. a3 Rda8 29. axb4 Rxa4 30. Qd5 Rd8 31. Bc3 Ra3 32. Bb2 Ra4 33. Bc3 Ne7 34. Qb7 Ra7 35. Qxd7 Raxd7 36. Kf1 d5 37. exd5 Nxd5 38. Rd3 Nxc3 39. Rxc3 Rd1+ 40. Ke2 R8d2+ 41. Kf3 Rd3+ 42. Rxd3 Rxd3+ 43. Ke2 Rd2+ 44. Kf1 Rd4 45. Rb8+ Kg7 46. Rb7+ Kg8 47. b5 f5 48. Re7 e4 49. b6 Bf4 50. b7 Rb4 51. h4 h6 52. h5 Kf8 53. Rd7 Ke8 54. hxg6 Kf8 55. Nxf5 Rb6 1-0